[Event "Mittelrhein Verbandsliga-N 18/19"]
[Site "Nordrheinwestfalen"]
[Date "2018.10.28"]
[Round "3.1"]
[White "Scharfenberg, Michael"]
[Black "Thiel, Kuno"]
[Result "1-0"]
[WhiteElo "2156"]
[BlackElo "2088"]
[PlyCount "99"]
[EventDate "2018.09.02"]
[EventType "team-tourn"]
[EventRounds "12"]
[EventCountry "GER"]
[SourceTitle "EXT 2022"]
[Source "ChessBase"]
[SourceDate "2021.10.06"]
[SourceVersion "1"]
[SourceVersionDate "2021.10.06"]
[SourceQuality "1"]
[WhiteTeam "Koeln Worringen"]
[BlackTeam "Leverkusen SC Bayer"]
[WhiteTeamCountry "GER"]
[BlackTeamCountry "GER"]

1. e4 Nc6 2. d4 d5 3. e5 Bf5 4. c3 e6 5. Nf3 Nge7 6. Nbd2 f6 7. exf6 gxf6 8. Nh4 Bg6 9. Nxg6 hxg6 10. Qg4 Qd6 11. Nf3 g5 12. Bd3 0-0-0 13. Bd2 Qd7 14. 0-0-0 Nf5 15. Rde1 Bd6 16. Re2 Rdg8 17. h4 Nd8 18. Ne1 Nxh4 19. g3 f5 20. Qh3 g4 21. Qf1 Ng6 22. Bg5 Rxh1 23. Qxh1 Rh8 24. Qg1 Rh5 25. f4 gxf3 26. Nxf3 Qh7 27. Qf2 Rxg5 28. Nxg5 Qh6 29. Qe3 f4 30. Nf7 fxe3 31. Nxh6 Nf8 32. Rg2 Be7 33. Kd1 Bg5 34. Ng4 Nd7 35. Ke2 c5 36. Nxe3 cxd4 37. cxd4 Nc6 38. Nc2 Nf6 39. Rf2 Kc7 40. Bg6 Kd6 41. Kd3 a5 42. a3 Ne7 43. Bf7 Ne4 44. Rg2 e5 45. Bxd5 Kxd5 46. Re2 Nc6 47. Rxe4 exd4 48. Nxd4 Bc1 49. Nxc6 bxc6 50. Re2 1-0

[Event "Zuoz Engiadina op 25th"]
[Site "Zuoz"]
[Date "2018.10.12"]
[Round "7"]
[White "Habibi, Ali"]
[Black "Thiel, Kuno"]
[Result "1/2-1/2"]
[WhiteElo "2236"]
[BlackElo "2167"]
[PlyCount "43"]
[EventDate "2018.10.06"]
[EventType "swiss"]
[EventRounds "7"]
[EventCountry "SUI"]
[SourceTitle "CBM 186 Extra"]
[Source "ChessBase"]
[SourceDate "2018.08.24"]
[SourceVersion "1"]
[SourceVersionDate "2018.08.24"]
[SourceQuality "1"]

1. g3 d5 2. Bg2 Nf6 3. Nf3 b6 4. 0-0 Bb7 5. c4 e6 6. d3 Be7 7. Nbd2 0-0 8. a3 c5 9. Rb1 Nc6 10. b3 Qc7 11. Bb2 Rad8 12. Rc1 d4 13. Qc2 Ng4 14. Rfd1 f5 15. b4 cxb4 16. axb4 Nxb4 17. Qb3 Bc5 18. Ra1 a5 19. Ba3 Bc6 20. Rdb1 e5 21. Bxb4 axb4 22. Qc2 1/2-1/2

[Event "Zuoz Engiadina op 25th"]
[Site "Zuoz"]
[Date "2018.10.09"]
[Round "4"]
[White "Arquint, Andri"]
[Black "Thiel, Kuno"]
[Result "0-1"]
[WhiteElo "1957"]
[BlackElo "2167"]
[PlyCount "76"]
[EventDate "2018.10.06"]
[EventType "swiss"]
[EventRounds "7"]
[EventCountry "SUI"]
[SourceTitle "CBM 186 Extra"]
[Source "ChessBase"]
[SourceDate "2018.08.24"]
[SourceVersion "1"]
[SourceVersionDate "2018.08.24"]
[SourceQuality "1"]

1. Nf3 Nf6 2. g3 b6 3. Bg2 Bb7 4. 0-0 e6 5. c4 c5 6. b3 Be7 7. Bb2 0-0 8. Qc2 d5 9. Ng5 h6 10. Bxf6 hxg5 11. Bb2 Nc6 12. cxd5 Nb4 13. Qd1 Bxd5 14. Bxd5 Qxd5 15. a3 Nc6 16. Nc3 Qd7 17. d3 g4 18. h3 gxh3 19. Kh2 f5 20. Kxh3 Bf6 21. f4 Kf7 22. e4 Rh8+ 23. Kg2 Qb7 24. Nb5 Rad8 25. Bxf6 gxf6 26. Rh1 Rxh1 27. Qxh1 Kg7 28. Qh5 Rh8 29. Qf3 a6 30. Nd6 Qd7 31. Nc4 Nd4 32. Qf2 Nxb3 33. Re1 Qxd3 34. Nxb6 Qb5 35. Na8 Rxa8 36. exf5 Qb7+ 37. Kh3 Rh8+ 38. Kg4 exf5+ 0-1

[Event "Zuoz Engiadina op 25th"]
[Site "Zuoz"]
[Date "2018.10.08"]
[Round "3"]
[White "Thiel, Kuno"]
[Black "Von Wantoch Rekowski, Markus"]
[Result "1-0"]
[WhiteElo "2167"]
[BlackElo "1999"]
[PlyCount "93"]
[EventDate "2018.10.06"]
[EventType "swiss"]
[EventRounds "7"]
[EventCountry "SUI"]
[SourceTitle "CBM 186 Extra"]
[Source "ChessBase"]
[SourceDate "2018.08.24"]
[SourceVersion "1"]
[SourceVersionDate "2018.08.24"]
[SourceQuality "1"]

1. Nf3 Nf6 2. c4 e6 3. g3 b6 4. Bg2 Bb7 5. 0-0 Be7 6. b3 0-0 7. Bb2 d6 8. Nc3 Nbd7 9. Re1 Ne4 10. Qc2 Nxc3 11. Bxc3 c5 12. Rad1 Qc7 13. d4 Bf6 14. Rd2 Rfe8 15. Red1 Rad8 16. Ne1 Bxg2 17. Nxg2 cxd4 18. Bxd4 Bxd4 19. Rxd4 d5 20. Ne3 Nf6 21. cxd5 Qxc2 22. Nxc2 Rxd5 23. Nb4 Rxd4 24. Rxd4 g6 25. Nc6 a5 26. b4 axb4 27. Nxb4 Nd5 28. Nxd5 exd5 29. e3 Ra8 30. a4 Ra5 31. Rb4 h5 32. Kg2 Kf8 33. Kf3 Ke7 34. Kf4 Kd7 35. Ke5 Kc6 36. Kf6 Ra7 37. Rf4 Kc5 38. h3 Rd7 39. g4 hxg4 40. hxg4 Kd6 41. g5 Rc7 42. Kg7 Ra7 43. Rxf7 Rxa4 44. Kxg6 b5 45. Kf5 b4 46. g6 Kc6 47. g7 1-0

[Event "Arber Seniors op 6th"]
[Site "Bayerisch Eisenstein"]
[Date "2018.08.02"]
[Round "6"]
[White "Thiel, Kuno"]
[Black "Puehn, Georg"]
[Result "1-0"]
[WhiteElo "2157"]
[BlackElo "1989"]
[PlyCount "85"]
[EventDate "2018.07.28"]
[EventType "swiss"]
[EventRounds "9"]
[EventCountry "GER"]
[SourceTitle "CBM 185 Extra"]
[Source "ChessBase"]
[SourceDate "2018.07.29"]
[SourceVersion "1"]
[SourceVersionDate "2018.07.29"]
[SourceQuality "1"]

1. Nf3 Nf6 2. c4 e6 3. g3 d5 4. Bg2 Be7 5. 0-0 0-0 6. d4 b6 7. Ne5 Bb7 8. Nc3 c6 9. Qa4 Nfd7 10. Nf3 a6 11. Bf4 b5 12. cxb5 axb5 13. Qb3 b4 14. a3 bxc3 15. Qxb7 cxb2 16. Qxb2 Nb6 17. Nd2 N8d7 18. Rfc1 c5 19. e4 g5 20. Be3 c4 21. exd5 exd5 22. Nb1 Na4 23. Qc2 Ndb6 24. Qf5 Qc8 25. Qe5 Qd8 26. Nc3 Nxc3 27. Rxc3 Ra5 28. Rb1 Na4 29. Rc2 Bf6 30. Qf5 Kg7 31. Bd2 c3 32. Be3 Qc8 33. Qd3 Qc6 34. Bf1 Qd6 35. Rb5 Rfa8 36. Qf5 Qe6 37. Qxe6 fxe6 38. Rb7+ Kh8 39. Bd3 R5a7 40. Rxa7 Rxa7 41. Bb5 e5 42. dxe5 Bxe5 43. Bxa7 1-0

[Event "Arber Seniors op 6th"]
[Site "Bayerisch Eisenstein"]
[Date "2018.07.31"]
[Round "4"]
[White "Thiel, Kuno"]
[Black "Selig, Rainer"]
[Result "1/2-1/2"]
[WhiteElo "2157"]
[BlackElo "2030"]
[PlyCount "41"]
[EventDate "2018.07.28"]
[EventType "swiss"]
[EventRounds "9"]
[EventCountry "GER"]
[SourceTitle "CBM 185 Extra"]
[Source "ChessBase"]
[SourceDate "2018.07.29"]
[SourceVersion "1"]
[SourceVersionDate "2018.07.29"]
[SourceQuality "1"]

1. Nf3 d5 2. d4 e6 3. Bf4 f5 4. e3 Nf6 5. c4 c6 6. Bd3 Be7 7. h3 0-0 8. Nc3 Ne4 9. 0-0 Nd7 10. Qc2 Qe8 11. Nd2 Kh8 12. Rae1 Qf7 13. f3 Nxd2 14. Qxd2 e5 15. Bxe5 Nxe5 16. dxe5 dxc4 17. Bc2 Be6 18. f4 Rfd8 19. Qe2 b5 20. e4 g6 21. Qe3 1/2-1/2

[Event "Arber Seniors op 6th"]
[Site "Bayerisch Eisenstein"]
[Date "2018.07.30"]
[Round "3"]
[White "Schmidt, Matthias1111"]
[Black "Thiel, Kuno"]
[Result "0-1"]
[WhiteElo "1946"]
[BlackElo "2157"]
[PlyCount "86"]
[EventDate "2018.07.28"]
[EventType "swiss"]
[EventRounds "9"]
[EventCountry "GER"]
[SourceTitle "CBM 185 Extra"]
[Source "ChessBase"]
[SourceDate "2018.07.29"]
[SourceVersion "1"]
[SourceVersionDate "2018.07.29"]
[SourceQuality "1"]

1. d4 Nf6 2. Nf3 b6 3. g3 Bb7 4. Bg2 e6 5. 0-0 c5 6. Bg5 cxd4 7. Nxd4 Bxg2 8. Kxg2 Qc7 9. Qd3 Qb7+ 10. f3 Na6 11. c4 Nc5 12. Qc2 Be7 13. Nc3 Ng4 14. Qd2 f6 15. Be3 0-0 16. Bg1 Ne5 17. b3 f5 18. Rad1 Rad8 19. Be3 Nf7 20. Nc2 a5 21. Nb5 h6 22. Bd4 Ng5 23. Bxc5 Bxc5 24. Nd6 Qc6 25. h4 Ne4 26. fxe4 Bxd6 27. Qxd6 Qxe4+ 28. Kf2 Qxc2 29. Rd2 Qe4 30. Rd4 Qb7 31. Rfd1 Rf7 32. Qe5 Rdf8 33. e3 Rc8 34. Rd6 Rc5 35. Qd4 f4 36. exf4 e5 37. Qd2 exf4 38. Rd5 fxg3+ 39. Kxg3 Rc6 40. Re1 Rg6+ 41. Kh2 Qc7+ 42. Rde5 Re6 43. Qd5 Rf5 0-1

[Event "Mittelrhein Regionalliga 1718"]
[Site "Nordrheinwestfalen"]
[Date "2018.05.06"]
[Round "9.2"]
[White "Thiel, Kuno"]
[Black "Zupcevic, Samir"]
[Result "1/2-1/2"]
[WhiteElo "2083"]
[BlackElo "2097"]
[PlyCount "40"]
[EventDate "2017.09.10"]
[EventType "team-tourn"]
[EventRounds "9"]
[EventCountry "GER"]
[SourceTitle "EXT 2022"]
[Source "ChessBase"]
[SourceDate "2021.10.06"]
[SourceVersion "1"]
[SourceVersionDate "2021.10.06"]
[SourceQuality "1"]
[WhiteTeam "Leverkusen SC Bayer"]
[BlackTeam "Godesberg II"]
[WhiteTeamCountry "GER"]
[BlackTeamCountry "GER"]

1. Nf3 e6 2. b3 d5 3. Bb2 Nf6 4. e3 c5 5. Bb5+ Bd7 6. Be2 Nc6 7. 0-0 Bd6 8. c4 0-0 9. cxd5 Nxd5 10. d4 Rc8 11. Nbd2 cxd4 12. Nxd4 Nxd4 13. Bxd4 Bb4 14. Bc4 Nc3 15. Qh5 b5 16. Bd3 g6 17. Qh6 f6 18. Bxg6 hxg6 19. Qxg6+ Kh8 20. Qh6+ Kg8 1/2-1/2

[Event "Mittelrhein Regionalliga 1718"]
[Site "Nordrheinwestfalen"]
[Date "2018.02.25"]
[Round "7.2"]
[White "Thiel, Kuno"]
[Black "Meertens, Martin"]
[Result "1/2-1/2"]
[WhiteElo "2091"]
[BlackElo "2153"]
[PlyCount "73"]
[EventDate "2017.09.10"]
[EventType "team-tourn"]
[EventRounds "9"]
[EventCountry "GER"]
[SourceTitle "EXT 2022"]
[Source "ChessBase"]
[SourceDate "2021.10.06"]
[SourceVersion "1"]
[SourceVersionDate "2021.10.06"]
[SourceQuality "1"]
[WhiteTeam "Leverkusen SC Bayer"]
[BlackTeam "Klub Koelner SF II"]
[WhiteTeamCountry "GER"]
[BlackTeamCountry "GER"]

1. Nf3 d5 2. d4 Nf6 3. Bf4 Bf5 4. e3 e6 5. Nbd2 Bd6 6. Bg3 Bxg3 7. hxg3 h6 8. c4 0-0 9. Qb3 b6 10. cxd5 exd5 11. Rc1 Nbd7 12. Bb5 c5 13. Bxd7 c4 14. Qa3 Qxd7 15. Ne5 Qe6 16. 0-0 Rfc8 17. Rfe1 a5 18. Qa4 Qd6 19. a3 Nd7 20. e4 f6 21. Nexc4 dxc4 22. exf5 Qxd4 23. Nf3 Nc5 24. Qb5 Qd7 25. Qxc4+ Kh7 26. Rcd1 Qb7 27. Qb5 Rc7 28. Nd4 Rd8 29. b4 axb4 30. axb4 Ne4 31. Qd3 Nc3 32. Rc1 Rcd7 33. Qxc3 Rxd4 34. Re6 b5 35. Rce1 Rd1 36. Qc5 Qd5 37. Qxd5 1/2-1/2

[Event "Mittelrhein Verbandsliga-M 16/17"]
[Site "Nordrheinwestfalen"]
[Date "2017.04.30"]
[Round "11.1"]
[White "Thiel, Kuno"]
[Black "Pejkovic, Patrick Slavko"]
[Result "1/2-1/2"]
[WhiteElo "2102"]
[BlackElo "2016"]
[PlyCount "29"]
[EventDate "2016.09.11"]
[EventType "team-tourn"]
[EventRounds "11"]
[EventCountry "GER"]
[SourceTitle "EXT 2022"]
[Source "ChessBase"]
[SourceDate "2021.10.06"]
[SourceVersion "1"]
[SourceVersionDate "2021.10.06"]
[SourceQuality "1"]
[WhiteTeam "Leverkusen SC Bayer"]
[BlackTeam "Langenfeld II"]
[WhiteTeamCountry "GER"]
[BlackTeamCountry "GER"]

1. Nf3 c5 2. c4 Nc6 3. g3 g6 4. Bg2 Bg7 5. 0-0 Nf6 6. d4 cxd4 7. Nxd4 0-0 8. Nc3 Qb6 9. Nb3 d6 10. Be3 Qb4 11. c5 Ng4 12. Bd2 dxc5 13. a3 Qb6 14. Na4 Qc7 15. Nbxc5 1/2-1/2

[Event "GER-chT Seniors 25th"]
[Site "Magdeburg"]
[Date "2016.10.12"]
[Round "4.23"]
[White "Fecht, Hans Peter"]
[Black "Thiel, Kuno"]
[Result "1/2-1/2"]
[WhiteElo "2148"]
[BlackElo "2181"]
[PlyCount "30"]
[EventDate "2016.10.09"]
[EventType "team-swiss"]
[EventRounds "7"]
[EventCountry "GER"]
[SourceTitle "EXT 2019"]
[Source "ChessBase"]
[SourceDate "2018.10.10"]
[SourceVersion "1"]
[SourceVersionDate "2018.10.10"]
[SourceQuality "1"]
[WhiteTeam "Rheinland Pfalz"]
[BlackTeam "Nordrhein Westfalen II"]
[WhiteTeamCountry "GER"]
[BlackTeamCountry "GER"]

1. Nf3 Nf6 2. c4 b6 3. g3 Bb7 4. Bg2 e6 5. b3 c5 6. Bb2 Be7 7. 0-0 0-0 8. Nc3 d6 9. d3 a6 10. a3 Nc6 11. e3 Qc7 12. Qc2 Rac8 13. Rfd1 Qb8 14. Rac1 Qa8 15. Ne1 Ne5 1/2-1/2

[Event "Schleswig Holstein-ch Seniors op 10th"]
[Site "Buesum"]
[Date "2016.09.26"]
[Round "1"]
[White "Thiel, Kuno"]
[Black "Kluever, Horst"]
[Result "1-0"]
[WhiteElo "2181"]
[BlackElo "1856"]
[PlyCount "63"]
[EventDate "2016.09.26"]
[EventType "swiss"]
[EventRounds "9"]
[EventCountry "GER"]
[SourceTitle "EXT 2019"]
[Source "ChessBase"]
[SourceDate "2018.10.10"]
[SourceVersion "1"]
[SourceVersionDate "2018.10.10"]
[SourceQuality "1"]

1. Nf3 d5 2. d4 Nf6 3. Bf4 e6 4. e3 h6 5. c4 c6 6. Nbd2 Bd6 7. Bg3 0-0 8. Ne5 Bb4 9. Bd3 Qa5 10. a3 Bxd2+ 11. Qxd2 Qxd2+ 12. Kxd2 Nbd7 13. f3 Nxe5 14. Bxe5 Nd7 15. Bd6 Re8 16. Rhe1 Nf6 17. g4 Nh7 18. h4 f5 19. gxf5 exf5 20. cxd5 cxd5 21. Rac1 Nf6 22. Rg1 Nh5 23. Rc7 Be6 24. Be5 Bf7 25. Bxf5 Rad8 26. Rxb7 Kf8 27. Rxa7 Re7 28. Ra6 Rb7 29. b4 Be8 30. Bd3 Rdd7 31. Ra8 Ra7 32. Bd6+ 1-0

[Event "Hessen-ch Seniors op 12th"]
[Site "Bad Sooden-Allendorf"]
[Date "2016.05.05"]
[Round "6"]
[White "Thiel, Kuno"]
[Black "Schwertel, Johann"]
[Result "1-0"]
[WhiteElo "2133"]
[BlackElo "1981"]
[PlyCount "64"]
[EventDate "2016.04.30"]
[EventType "swiss"]
[EventRounds "9"]
[EventCountry "GER"]
[SourceTitle "EXT 2019"]
[Source "ChessBase"]
[SourceDate "2018.10.10"]
[SourceVersion "1"]
[SourceVersionDate "2018.10.10"]
[SourceQuality "1"]

1. Nf3 d5 2. d4 Nf6 3. c4 e6 4. Nc3 c6 5. e3 Nbd7 6. Qc2 Bd6 7. Bd2 a6 8. e4 dxe4 9. Nxe4 Nxe4 10. Qxe4 Nf6 11. Qc2 0-0 12. Bd3 e5 13. dxe5 Re8 14. 0-0-0 Bxe5 15. Nxe5 Rxe5 16. Bc3 Qe7 17. Bxe5 Qxe5 18. Rhe1 Qg5+ 19. Kb1 Be6 20. f3 b5 21. g3 bxc4 22. Bxc4 Nd5 23. f4 Qf6 24. Qb3 a5 25. a3 g6 26. Ka1 Qd8 27. Qb7 Rc8 28. Ba2 Rc7 29. Qa6 Rc8 30. Rc1 Ra8 31. Qe2 Qb6 32. Qc2 Rb8 1-0

[Event "Hessen-ch Seniors op 12th"]
[Site "Bad Sooden-Allendorf"]
[Date "2016.05.04"]
[Round "5"]
[White "Villing, Dieter"]
[Black "Thiel, Kuno"]
[Result "1-0"]
[WhiteElo "2084"]
[BlackElo "2133"]
[PlyCount "114"]
[EventDate "2016.04.30"]
[EventType "swiss"]
[EventRounds "9"]
[EventCountry "GER"]
[SourceTitle "EXT 2019"]
[Source "ChessBase"]
[SourceDate "2018.10.10"]
[SourceVersion "1"]
[SourceVersionDate "2018.10.10"]
[SourceQuality "1"]

1. e4 Nc6 2. d4 d5 3. Nc3 dxe4 4. d5 Ne5 5. Qd4 Ng6 6. Qa4+ Bd7 7. Qb3 b6 8. Ba6 Nf6 9. Nge2 e5 10. Bg5 Be7 11. Bxf6 Bxf6 12. Nxe4 0-0 13. 0-0-0 Kh8 14. Kb1 Be7 15. d6 cxd6 16. Nxd6 Bxd6 17. Rxd6 Qc7 18. Rhd1 Be6 19. Qc3 Qe7 20. g3 Qg5 21. Qd2 Qg4 22. Nc3 Qb4 23. a3 Qa5 24. Bb7 Rab8 25. Bd5 Bf5 26. Be4 Be6 27. h4 Ne7 28. Nd5 Qxd2 29. Rxd2 Nf5 30. Bxf5 Bxf5 31. Ne7 Be6 32. Nc6 Ra8 33. Nxe5 h6 34. Ng6+ fxg6 35. Rxe6 Kh7 36. Re7 Rf3 37. Rdd7 Rg8 38. Rf7 Rxf7 39. Rxf7 g5 40. g4 Ra8 41. c4 Kg6 42. Rc7 Rf8 43. Rxa7 Rxf2 44. Ra6 Kh7 45. Rxb6 Rf4 46. Rb4 Rxg4 47. Kc2 Rf4 48. c5 Rf5 49. Rc4 g4 50. Rxg4 Rxc5+ 51. Kb3 g5 52. Ka4 Kg6 53. b4 Rc6 54. Rg1 Kf6 55. b5 Re6 56. Ka5 Ke7 57. Rc1 g4 1-0

[Event "Hessen-ch Seniors op 12th"]
[Site "Bad Sooden-Allendorf"]
[Date "2016.05.03"]
[Round "4"]
[White "Thiel, Kuno"]
[Black "Vogel, Jaap"]
[Result "1/2-1/2"]
[WhiteElo "2133"]
[BlackElo "2101"]
[PlyCount "27"]
[EventDate "2016.04.30"]
[EventType "swiss"]
[EventRounds "9"]
[EventCountry "GER"]
[SourceTitle "EXT 2019"]
[Source "ChessBase"]
[SourceDate "2018.10.10"]
[SourceVersion "1"]
[SourceVersionDate "2018.10.10"]
[SourceQuality "1"]

1. Nf3 d5 2. d4 c6 3. Bf4 Nf6 4. e3 g6 5. Be2 Bg7 6. h3 0-0 7. 0-0 Nbd7 8. Nbd2 c5 9. c4 cxd4 10. exd4 dxc4 11. Nxc4 Nd5 12. Bh2 N7b6 13. Na5 Nd7 14. Nc4 1/2-1/2

[Event "Skopje Karposh op"]
[Site "Skopje"]
[Date "2014.03.30"]
[Round "3"]
[White "Thiel, Kuno"]
[Black "Henrichs, Thomas"]
[Result "0-1"]
[WhiteElo "2168"]
[BlackElo "2496"]
[PlyCount "70"]
[EventDate "2014.03.29"]
[EventType "swiss"]
[EventRounds "9"]
[EventCountry "MKD"]
[SourceTitle "CBM 159 Extra"]
[Source "ChessBase"]
[SourceDate "2014.04.24"]
[SourceVersion "1"]
[SourceVersionDate "2014.04.24"]
[SourceQuality "1"]

1. Nf3 Nf6 2. c4 g6 3. g3 Bg7 4. Bg2 d5 5. cxd5 Nxd5 6. 0-0 0-0 7. Nc3 Nb6 8. a4 a5 9. d3 Nc6 10. Qb3 Bg4 11. Be3 e5 12. Rac1 Nd4 13. Bxd4 exd4 14. Ne4 c6 15. Nc5 Rb8 16. h3 Bc8 17. Rfe1 Nd5 18. Qd1 Re8 19. Nb3 Nb4 20. Qd2 Be6 21. Na1 Na2 22. Rb1 Qb6 23. h4 h6 24. Qf4 Rbd8 25. h5 g5 26. Nxg5 hxg5 27. Qxg5 f6 28. Qh4 Qc7 29. h6 Bh8 30. Be4 f5 31. Qg5+ Kf8 32. Bxf5 Rd5 33. g4 Bxf5 34. gxf5 Qf7 35. h7 Qxh7 0-1

[Event "Skopje Karposh op"]
[Site "Skopje"]
[Date "2014.03.29"]
[Round "1"]
[White "Salgado Lopez, Ivan"]
[Black "Thiel, Kuno"]
[Result "1-0"]
[WhiteElo "2605"]
[BlackElo "2168"]
[PlyCount "53"]
[EventDate "2014.03.29"]
[EventType "swiss"]
[EventRounds "9"]
[EventCountry "MKD"]
[SourceTitle "CBM 159 Extra"]
[Source "ChessBase"]
[SourceDate "2014.04.24"]
[SourceVersion "1"]
[SourceVersionDate "2014.04.24"]
[SourceQuality "1"]

1. e4 e6 2. d4 d5 3. Nd2 Nf6 4. e5 Nfd7 5. Bd3 c5 6. c3 Nc6 7. Ne2 a6 8. 0-0 b5 9. Nf3 Qb6 10. Be3 Bb7 11. Nf4 Be7 12. Qd2 cxd4 13. cxd4 Nb4 14. Bb1 a5 15. Rc1 0-0 16. Nh5 Rfc8 17. Rc3 g6 18. Bg5 Qd8 19. Qf4 Rc4 20. Bxe7 Qxe7 21. Nf6+ Nxf6 22. exf6 Qf8 23. Ne5 Rd8 24. Bxg6 fxg6 25. f7+ Kg7 26. Rf3 Rc2 27. Qf6+ 1-0

[Event "Verbandsliga Mittelrhein-Ost 1213"]
[Site "Germany"]
[Date "2013.04.14"]
[Round "9.1"]
[White "Thiel, Kuno"]
[Black "Haag, Martin"]
[Result "1/2-1/2"]
[WhiteElo "2175"]
[BlackElo "2268"]
[PlyCount "33"]
[EventDate "2012.09.09"]
[EventType "team"]
[EventRounds "11"]
[EventCountry "GER"]
[SourceTitle "EXT 2015"]
[Source "ChessBase"]
[SourceDate "2014.11.20"]
[SourceVersion "1"]
[SourceVersionDate "2014.11.20"]
[SourceQuality "1"]
[WhiteTeam "Hennef"]
[BlackTeam "Bonn Beuel"]
[WhiteTeamCountry "GER"]
[BlackTeamCountry "GER"]

1. Nf3 d5 2. d4 e6 3. Bf4 c5 4. e3 Nc6 5. Be2 Bd6 6. Bxd6 Qxd6 7. 0-0 Nf6 8. Nbd2 0-0 9. dxc5 Qxc5 10. c4 Rd8 11. Rc1 dxc4 12. Bxc4 Qe7 13. Qe2 Na5 14. Bd3 Bd7 15. a3 Rac8 16. b4 Nc6 17. Nc4 1/2-1/2

[Event "Bad Woerishofen op 29th"]
[Site "Bad Woerishofen"]
[Date "2013.03.08"]
[Round "8"]
[White "Thiel, Kuno"]
[Black "Guggenberger, Guido"]
[Result "1-0"]
[WhiteElo "2196"]
[BlackElo "2037"]
[PlyCount "33"]
[EventDate "2013.03.01"]
[EventType "swiss"]
[EventRounds "9"]
[EventCountry "GER"]
[SourceTitle "CBM 153 Extra"]
[Source "ChessBase"]
[SourceDate "2013.04.22"]
[SourceVersion "1"]
[SourceVersionDate "2013.04.22"]
[SourceQuality "1"]

1. d4 d5 2. c4 e6 3. Nc3 c6 4. e3 Bd6 5. Nf3 f5 6. Bd3 Nf6 7. Qc2 Ne4 8. a3 Nd7 9. Bd2 0-0 10. h3 b6 11. cxd5 exd5 12. Nxe4 dxe4 13. Qxc6 Qc7 14. Qxc7 Bxc7 15. Bc4+ Kh8 16. Ng5 Nf6 17. Bb4 1-0

[Event "Bad Woerishofen op 29th"]
[Site "Bad Woerishofen"]
[Date "2013.03.05"]
[Round "5"]
[White "Stuemer, Paul"]
[Black "Thiel, Kuno"]
[Result "1-0"]
[WhiteElo "2117"]
[BlackElo "2196"]
[PlyCount "79"]
[EventDate "2013.03.01"]
[EventType "swiss"]
[EventRounds "9"]
[EventCountry "GER"]
[SourceTitle "CBM 153 Extra"]
[Source "ChessBase"]
[SourceDate "2013.04.22"]
[SourceVersion "1"]
[SourceVersionDate "2013.04.22"]
[SourceQuality "1"]

1. Nf3 Nf6 2. c4 b6 3. Nc3 Bb7 4. d3 c5 5. e4 d6 6. g3 g6 7. Bg2 Bg7 8. 0-0 0-0 9. h3 Nc6 10. Be3 e5 11. Qd2 Nd4 12. Nd5 Nxd5 13. cxd5 Nxf3+ 14. Bxf3 f5 15. Bg2 Qf6 16. Bg5 Qf7 17. f3 f4 18. g4 Bf6 19. Bxf6 Qxf6 20. Rf2 Rf7 21. Bf1 h5 22. Rh2 Rh7 23. Rc1 Kg7 24. Rc2 Rah8 25. Qe1 Bc8 26. Rcg2 Qd8 27. Be2 Bd7 28. a3 Kf7 29. Qf2 a5 30. Bf1 b5 31. Qe1 b4 32. axb4 cxb4 33. Qf2 Qc7 34. d4 Rc8 35. Qh4 exd4 36. gxh5 Rxh5 37. Qxf4+ Kg7 38. Rxg6+ Kxg6 39. Rg2+ Kh7 40. Qf7+ 1-0

[Event "Bad Woerishofen op 29th"]
[Site "Bad Woerishofen"]
[Date "2013.03.03"]
[Round "3"]
[White "Starostits, Ilmars"]
[Black "Thiel, Kuno"]
[Result "1-0"]
[WhiteElo "2470"]
[BlackElo "2196"]
[PlyCount "77"]
[EventDate "2013.03.01"]
[EventType "swiss"]
[EventRounds "9"]
[EventCountry "GER"]
[SourceTitle "CBM 153 Extra"]
[Source "ChessBase"]
[SourceDate "2013.04.22"]
[SourceVersion "1"]
[SourceVersionDate "2013.04.22"]
[SourceQuality "1"]

1. e4 Nf6 2. e5 Nd5 3. d4 d6 4. Nf3 g6 5. Bc4 c6 6. h3 Bg7 7. 0-0 0-0 8. Bb3 dxe5 9. dxe5 Be6 10. Nd4 Bxe5 11. Nxe6 fxe6 12. Qe2 Nd7 13. Nd2 Qc7 14. Nf3 Rf5 15. c4 N5b6 16. Bh6 Rh5 17. Be3 Rf8 18. Rad1 Rhf5 19. Bh6 R8f6 20. Bg5 Rf7 21. Rfe1 Rxf3 22. gxf3 Bf4 23. Qxe6 Nc5 24. Bxf4 Qxf4 25. Rd8+ Kg7 26. Qe5+ Qxe5 27. Rxe5 Nxb3 28. axb3 Kf6 29. f4 e6 30. Kg2 Nd7 31. Re3 Nc5 32. b4 Na6 33. Ra3 Ke7 34. Rd4 Nxb4 35. Rxa7 Kf8 36. Rd8+ Kg7 37. Rb8 Nd3 38. Rbxb7 Nxf4+ 39. Kf3 1-0

[Event "Verbandsliga Mittelrhein-Ost 1213"]
[Site "Germany"]
[Date "2013.02.03"]
[Round "7.1"]
[White "Thiel, Kuno"]
[Black "Neubauer, Juergen"]
[Result "1/2-1/2"]
[WhiteElo "2175"]
[BlackElo "2119"]
[PlyCount "39"]
[EventDate "2012.09.09"]
[EventType "team"]
[EventRounds "11"]
[EventCountry "GER"]
[SourceTitle "EXT 2015"]
[Source "ChessBase"]
[SourceDate "2014.11.20"]
[SourceVersion "1"]
[SourceVersionDate "2014.11.20"]
[SourceQuality "1"]
[WhiteTeam "Hennef"]
[BlackTeam "Euskirchen Turm"]
[WhiteTeamCountry "GER"]
[BlackTeamCountry "GER"]

1. Nf3 Nf6 2. c4 c5 3. g3 g6 4. Bg2 Bg7 5. 0-0 0-0 6. d4 cxd4 7. Nxd4 Nc6 8. Nc3 Nxd4 9. Qxd4 d6 10. Bg5 Be6 11. Bxb7 Rb8 12. Bf3 Rxb2 13. Qxa7 Bxc4 14. Rab1 Rxb1 15. Rxb1 h6 16. Be3 Nd7 17. Rc1 e6 18. a4 Ne5 19. Bg2 d5 20. Bc5 1/2-1/2

[Event "Verbandsliga Mittelrhein-Ost 1213"]
[Site "Germany"]
[Date "2013.01.13"]
[Round "6.1"]
[White "Spilles, Matthias"]
[Black "Thiel, Kuno"]
[Result "1-0"]
[WhiteElo "2004"]
[BlackElo "2175"]
[PlyCount "79"]
[EventDate "2012.09.09"]
[EventType "team"]
[EventRounds "11"]
[EventCountry "GER"]
[SourceTitle "EXT 2015"]
[Source "ChessBase"]
[SourceDate "2014.11.20"]
[SourceVersion "1"]
[SourceVersionDate "2014.11.20"]
[SourceQuality "1"]
[WhiteTeam "Bruehl II"]
[BlackTeam "Hennef"]
[WhiteTeamCountry "GER"]
[BlackTeamCountry "GER"]

1. e4 Nf6 2. e5 Nd5 3. d4 d6 4. Nf3 g6 5. Bc4 c6 6. 0-0 Bg7 7. exd6 Qxd6 8. h3 0-0 9. Re1 a5 10. Nbd2 b5 11. Bf1 Bf5 12. Nh4 Bxd4 13. Ne4 Qe5 14. Nf3 Bxb2 15. Nxe5 Bxa1 16. Nxc6 Nxc6 17. Qxd5 Nb4 18. Qb3 Be6 19. c4 Rfc8 20. a3 bxc4 21. Qb1 Bg7 22. axb4 c3 23. bxa5 Rxa5 24. Qb4 Ra1 25. Qxe7 c2 26. Nf6+ Kh8 27. Bd3 Bf8 28. Qb7 Ba3 29. Bxa3 Rxe1+ 30. Kh2 c1Q 31. Bxc1 Rcxc1 32. Qb2 Kg7 33. Nh5+ Kf8 34. Qh8+ Ke7 35. Qf6+ Kf8 36. Qh8+ Ke7 37. Qf6+ Kf8 38. Nf4 Rc6 39. Bxg6 Bxh3 40. Qxf7# 1-0